000 00842nam a2200289Ia 4500
001 dia_5901
003 CHAP
005 20251023151756.0
008 220117s2013 xx 000 0 und d
010 _a177032
020 _a978-1-4398-6241-4
040 _cCHAP
082 _a664.092 R63 2013
100 _aRobertson, Gordon L.
_9159977
245 _aFood packaging : principles and practice /
_c Gordon L. Robertson
250 _a3a ed.
260 _aEstados Unidos de América :
_b CRC Press,
_c2013
300 _axxix, 703 p.
504 _aIncluye bibliografĂ­as
590 _aTP374 R63 2013
650 _aEnvasado de alimentos
_9147758
650 _aFood packaging
_9147759
901 _a664.092 R63 2013
902 _aM
905 _a5232272013 -usaimn8222223322eng16
942 _cLIBRO
_2ddc
999 _c177032
_d177032